The Arthashastra / (Record no. 810)

000 -LEADER
fixed length control field 00563nam a2200217 a 4500
008 - FIXED-LENGTH DATA ELEMENTS--GENERAL INFORMATION
fixed length control field 191031s1992 ii a|||g |||| 001 0 eng d
020 ## - INTERNATIONAL STANDARD BOOK NUMBER
International Standard Book Number 9780140446036
Terms of availability Rs. 599.00
040 ## - CATALOGING SOURCE
Original cataloging agency IMU Kochi Library
Language of cataloging eng
041 0# - LANGUAGE CODE
Language code of text/sound track or separate title eng
044 ## - COUNTRY OF PUBLISHING/PRODUCING ENTITY CODE
MARC country code India
082 04 - DEWEY DECIMAL CLASSIFICATION NUMBER
Edition number 23
Classification number 320.954
Item number K167
245 10 - TITLE STATEMENT
Title The Arthashastra /
260 ## - PUBLICATION, DISTRIBUTION, ETC. (IMPRINT)
Place of publication, distribution, etc New Delhi :
Name of publisher, distributor, etc Penguin Books,
Date of publication, distribution, etc 1992
300 ## - PHYSICAL DESCRIPTION
Extent ix, 819 p. :
Other physical details ill. ;
Dimensions 23 cm.
504 ## - BIBLIOGRAPHY, ETC. NOTE
Bibliography, etc Includes index.
650 #0 - SUBJECT ADDED ENTRY--TOPICAL TERM
Topical term or geographic name as entry element History
Geographic subdivision India
700 1# - ADDED ENTRY--PERSONAL NAME
Personal name Rangarajan, L. N.
Relator term Editor
852 ## - LOCATION/CALL NUMBER
Location IMU Kochi Library
904 ## - LOCAL DATA ELEMENT D, LDD (RLIN)
CATALOGER Shine Joy
942 ## - ADDED ENTRY ELEMENTS (KOHA)
Item type Books
Holdings
Withdrawn status Lost status Source of classification or shelving scheme Damaged status Not for loan Collection code Permanent location Current location Shelving location Date acquired Source of acquisition Cost, normal purchase price Total Checkouts Full call number Barcode Date last seen Date last borrowed Koha item type Public note
          Non-fiction IMU Kochi Library IMU Kochi Library Fiction & General 2013-02-04 M/S Sterling Book Stall (Inv. No. 2041 Dt 2013-01-23) 599.00 5 320.954 K167 BK002208 2024-10-16 2024-10-01 Books Shelf-18, Row-2
          Non-fiction IMU Kochi Library IMU Kochi Library Fiction & General 2013-01-31 M/s Sterling Book House (Inv. No.2040 dt. 2013-01-23) 599.00   320.954 K167 BK000548 2019-11-20   Books Shelf-18, Row-2


Copyright © All Rights Reserved by Indian Maritime University, Kochi Campus.
For any Suggestions/Query Contact to library or Email: library.kochi@imu.ac.in Ph:(0484)-2989402
(Web OPAC Designed by Rudra Ranjan. Maintained by IMU Kochi Library)

Powered by Koha